002940000a22001090004500090001700000245004000017041001400057100002300071942001300094773006000107999001700167 aASbSeriadas10aRaices internas de Navia y Vellozia0 aEspañol1 aWeber, Hans999568 cARTICULO1 tMutisia: Acta Botánica Colombiana3893h13q1-7d1953 c15322d15322